LDR 01064nam a2200217 i 4500 001 000000003366 003 CaOOAMICUS 005 20260515122943.0 008 180830s19911992fr u000 u fre u 040 $aSeMil$bita 100 1 $aSiegwalt, Gérard,$d<1932- >.$0(OLS)http://semarc/name/2566 245 13$aLa réalisation de la foi /$cGérard Siegwalt. 260 $aParis :$bLes Éditions du Cerf,$c1991-1992. 300 $a2 v. ;$c22 cm. 650 4$aEcclesiologia.$0(OLS)http://semarc/subject/42996 773 0 $aSiegwalt, Gérard <1932- >$tDogmatique pour la catholicité évangélique.$dParis : Les Éditions du Cerf ; Genève : Labor et Fides, 1986-2005.$g2$w()367824 774 0 $aSiegwalt, Gérard <1932- >$tÉglise chrétienne dans la société humaine.$z2-204-04431-8$g1$w()76825 774 0 $aSiegwalt, Gérard <1932- >$tMéditations.$z2-204-04735-X$g2$w()77363 996 $6245$aLa réalisation de la foi$9(OLS)http://semarc/title/5764 996 $6260$aParis :$bLes Éditions du Cerf$9(OLS)http://semarc/publisher/29611